00701 2200229 4500001002100000005001500021035002000036007000300056008004100059020001800100082000800118084001400126100003000140245012600170250000600296260003600302300002800338700003100366700003900397650001800436990001700454INLIS00000000000096720260520075645 a0010-0823000131ta260520 c 0 ind  a979-74-1897-9 a611 a611 NEI t0 aNeil Morris ( Pengarang )1 aTubuhmu yang Hebat :bseri 100 % pintar !!! /cNeil Morris ; alih bahasa, Angga Prasetyaputri ; editor, Kiki Sulistiyani a- aJakarta :bErlangga Kids,c2000 a48 :bilus. ;c22 cme-0 aKiki Sulistiyan ( Editor )0 aAngga Prasetyaputri ( Penerjemah ) 4aTUBUH MANUSIA a00045/K/2008